Fundamentos de administración financiera (Registro nro. 2097)
[ vista simple ]
| 000 -CABECERA | |
|---|---|
| campo de control de longitud fija | 01151aam a2200385 4500 |
| 005 - FECHA Y HORA DE ACTUALIZACIÓN | |
| campo de control | 20161107101926.0 |
| 008 - LONGITUD FIJA | |
| campo de control de longitud fija | 150722b xxu||||| |||| 00| 0 spa d |
| 041 ## - IDIOMA | |
| Código de idioma del texto/pista de sonido o título separado | |
| 082 ## - CLASIFICACIÓN DECIMAL DEWEY | |
| Número de clasificación | 658.15 B855f10 |
| 100 ## - AUTOR PERSONAL | |
| Nombre de persona | Brigham, Eugene F. |
| 100 ## - AUTOR PERSONAL | |
| Nombre de persona | Houtson, Joel F. |
| 245 ## - TÍTULO PROPIAMENTE DICHO | |
| Título | Fundamentos de administración financiera |
| 250 ## - EDICIÓN | |
| Mención de edición | 10 edición |
| 260 ## - PIE DE IMPRENTA | |
| Lugar de publicación, distribución, etc. | España |
| Nombre del editor, distribuidor, etc. | Thomson |
| Fecha de publicación, distribución, etc. | 2005 |
| 300 ## - DESCRIPCIÓN FÍSICA | |
| Extensión | 831 páginas |
| 650 ## - Materia General | |
| Materia general | ADMINISTRACIÓN FINANCIERA |
| 650 ## - Materia General | |
| Materia general | FINANZAS |
| 650 ## - Materia General | |
| Materia general | ESTADOS FINANCIEROS |
| 650 ## - Materia General | |
| Materia general | CONTABILIDAD |
| 650 ## - Materia General | |
| Materia general | MERCADOS |
| 650 ## - Materia General | |
| Materia general | TASAS DE INTERES |
| 650 ## - Materia General | |
| Materia general | TASAS DE RENDIMIENTO |
| 650 ## - Materia General | |
| Materia general | BONOS |
| 650 ## - Materia General | |
| Materia general | DINERO |
| 650 ## - Materia General | |
| Materia general | ACCIONES |
| 650 ## - Materia General | |
| Materia general | ACTIVOS A LARGO PLAZO |
| 650 ## - Materia General | |
| Materia general | PRESUPUESTOS |
| 650 ## - Materia General | |
| Materia general | FLUJO DE EFECTIVO |
| 650 ## - Materia General | |
| Materia general | POLICIA DE DIVIDENDOS |
| 650 ## - Materia General | |
| Materia general | CAPITAL DE TRABAJO |
| 650 ## - Materia General | |
| Materia general | ACTIVO CIRCULANTE |
| 650 ## - Materia General | |
| Materia general | PRONOSTICOS FINANCIEROS |
| 650 ## - Materia General | |
| Materia general | ADMINISTRACIÓN FINANCIERA INTERNACIONAL |
| 942 ## - Punto de Acceso Adicional Koha | |
| Tipo de ítem Koha | Libro |
| Estado perdido | Estado dañado | No para préstamo | Biblioteca permanente | Biblioteca actual | Signatura completa | Código de barras | Precio efectivo a partir del | Tipo de ítem |
|---|---|---|---|---|---|---|---|---|
| Departamento de Biblioteca y Documentación Alfonso Chase Brenes | Departamento de Biblioteca y Documentación Alfonso Chase Brenes | 658.15 B855f10 | 11650 | 05/09/2016 | Libro | |||
| Departamento de Biblioteca y Documentación Alfonso Chase Brenes | Departamento de Biblioteca y Documentación Alfonso Chase Brenes | 658.15 B855f10 | 11651 | 05/09/2016 | Libro | |||
| Departamento de Biblioteca y Documentación Alfonso Chase Brenes | Departamento de Biblioteca y Documentación Alfonso Chase Brenes | 658.15 B855f10 | 15807 | 05/09/2016 | Libro | |||
| Departamento de Biblioteca y Documentación Alfonso Chase Brenes | Departamento de Biblioteca y Documentación Alfonso Chase Brenes | 658.15 B855f10 | 15808 | 05/09/2016 | Libro | |||
| Departamento de Biblioteca y Documentación Alfonso Chase Brenes | Departamento de Biblioteca y Documentación Alfonso Chase Brenes | 658.15 B855f10 | 15809 | 05/09/2016 | Libro | |||
| Departamento de Biblioteca y Documentación Alfonso Chase Brenes | Departamento de Biblioteca y Documentación Alfonso Chase Brenes | 658.15 B855f10 | 15810 | 05/09/2016 | Libro |